| 000 | 00695nam a2200205 u 4500 | ||
|---|---|---|---|
| 001 | 000272054 | ||
| 003 | AM-YeHGA | ||
| 005 | 20250617125504.0 | ||
| 008 | 031014s1988 ai r 000 0 arm d | ||
| 020 | _a580770052x | ||
| 040 | _aAM-YeHGA | ||
| 041 | 1 |
_aarm _hrus |
|
| 100 | 1 | _aՎոսկրեսենսկայա, Զոյա Իվանովնա | |
| 245 | 1 | 0 |
_aՄոր սիրտը : _bՊատմվածքներ / _cԶոյա Վոսկրեսենսկայա; Ռուս. թարգմ.՝ Ա. Երիցյան. |
| 260 |
_aԵրևան : _bԱրևիկ, _c1988. |
||
| 300 |
_a254 էջ : _bնկ. |
||
| 650 | 1 | 4 | _aՌուս գրականություն |
| 700 | 1 |
_aԵրիցյան, Աստղիկ _eթարգմ. _4trl |
|
| 090 | _c99928 | ||
| 999 |
_c98617 _d98617 |
||